000 00746nam a2200205Ia 4500
003 GCL
008 140319s9999 xx 000 0 ara d
040 _aGCL /
_cGCL
082 0 4 _a001.6425
_bم ن
100 1 _aمحمد محمد الهادى
245 1 0 _aنحو توظيف تكنولوجيا المعلومات لتطوير التعليم فى مصر /
_cمحمد محمد الهادى
250 _aالاولى
260 _aالقاهرة :
_bالمكتبة الاكاديمية ،
_c1995
300 _a296،164 ص ؛
_c24 سم
490 _a
650 0 4 _aتكنولوجيا المعلومات
650 0 4 _aالتعليم - اغراضه واهدافه - مصر
650 0 4 _aتكنولوجيا الحاسبات
942 _2ddc
_cBK
999 _c48295
_d48295